Design of landfills and integrated solid waste management / (Record no. 1713)
[ view plain ]
| 000 -LEADER | |
|---|---|
| fixed length control field | 00423 a2200133 4500 |
| 020 ## - INTERNATIONAL STANDARD BOOK NUMBER | |
| International Standard Book Number | 0471254991 (cloth) |
| 082 ## - DEWEY DECIMAL CLASSIFICATION NUMBER | |
| Classification number | 628.445 BAG |
| 100 ## - MAIN ENTRY--PERSONAL NAME | |
| Personal name | Bagchi, Amalendu. |
| 245 ## - TITLE STATEMENT | |
| Title | Design of landfills and integrated solid waste management / |
| Statement of responsibility, etc. | Amalendu Bagchi. |
| 250 ## - EDITION STATEMENT | |
| Edition statement | 3rd ed. |
| 260 ## - PUBLICATION, DISTRIBUTION, ETC. | |
| Place of publication, distribution, etc. | Hoboken, N.J. : |
| Name of publisher, distributor, etc. | J. Wiley, |
| Date of publication, distribution, etc. | 2004. |
| 300 ## - PHYSICAL DESCRIPTION | |
| Extent | xvi, 696 p. : |
| Other physical details | ill. ; |
| Dimensions | 25 cm. |
| 650 ## - SUBJECT ADDED ENTRY--TOPICAL TERM | |
| Topical term or geographic name entry element | Sanitary landfills. |
| 650 ## - SUBJECT ADDED ENTRY--TOPICAL TERM | |
| Topical term or geographic name entry element | Integrated solid waste management |
| Withdrawn status | Lost status | Damaged status | Not for loan | Permanent Location | Current Location | Shelving location | Date acquired | Total Checkouts | Full call number | Barcode | Date last seen | Price effective from | Koha item type | Source of classification or shelving scheme | Collection code | Checked out | Date last checked out |
|---|---|---|---|---|---|---|---|---|---|---|---|---|---|---|---|---|---|
| Institute of Environmental Science and Engineering (IESE) | Institute of Environmental Science and Engineering (IESE) | General Stacks | 11/16/2017 | 1 | 628.44564 BAG | IESE-1056 | 01/10/2024 | 11/16/2017 | Book | 05/09/2024 | 01/10/2024 | ||||||
| Institute of Environmental Science and Engineering (IESE) | Institute of Environmental Science and Engineering (IESE) | Reference | 12/08/2017 | 628.445 BAG | IESE-1784 | 12/08/2017 | 12/08/2017 | Book | |||||||||
| School of Civil and Environmental Engineering (SCEE) | School of Civil and Environmental Engineering (SCEE) | 628.445 BAG | NIT-963 | 01/05/2017 | 01/05/2017 | Book | |||||||||||
| School of Civil and Environmental Engineering (SCEE) | School of Civil and Environmental Engineering (SCEE) | NIT-5414 | 01/05/2017 | 01/05/2017 | Book |
